Statistics for Countries with a Similar Shape #4

Click here to take the quiz!

General Stats

  • This quiz has been taken 177 times
  • The average score is 6 of 6

Answer Stats

Country% Correct
Italy
99%
Japan
99%
Norway
98%
New Zealand
97%
Vietnam
95%
Malawi
65%

Score Distribution

Percentile by Number Answered

Percent of People with Each Score

Your Score History

You have not taken this quiz